Måneskin rush - Statistiques

Statistiques générales
  • Ce quiz a été pris 449 fois
  • Le résultat moyen est 11 sur 17
Statistiques - réponses
Hint Réponse % Correct
2 Gossip
80%
17 The loneliest
79%
5 Baby said
77%
15 Mamma mia
74%
16 Supermodel
72%
6 Gasoline
69%
4 Bla bla bla
68%
8 Don’t wanna sleep
68%
9 Kool kids
67%
12 Mark chapman
67%
3 Timezone
67%
1 Own my mind
65%
7 Feel
61%
13 La fine
60%
11 Read your diary
60%
10 If not for you
59%
14 Il donno della vita
53%
Aucun quiz correspondant
Distribution des résultats
% des personnes avec chaque résultat
Percentile par nombre de réponses
Votre historique - résultats
Vous n’avez pas pris ce quiz